000 01387nam a22002657a 4500
005 20170425150029.0
008 140714b xxu||||| |||| 00| 0 Urdu d
010 _aUR-284 B-548366 B-666039
020 _c225.00
_a9789380934488
035 _aU-284 B-548366 B-666039
037 _bBPPD/Publishers/Venders
037 _bKBD(Ven.)/M.R.Pub.(Pub.)
040 _aDPL
_bUrdu
082 _a841
100 _aفر ما ن فتحپو ر ی
245 _aا ر د و کی بہتر ين مثنو يا ن
_cفر ما ن فتحپو ر ی
246 _aUrdu ki Behtreen Masnaviyaan
_bby Farman Fatehpuri
260 _bM.R. Publications (Publisher)
_bK.B.D..( Vender)
_c2014
260 _aB-1770,Near State Bank of India,Jahangir Puri,Delhi-110033
270 _b نئ د ھلی
_a#10، ميٹر و پو ل ما ر کيٹ،2724-25،پہلی منز ل کو چہ چيلا ن،د ر يا گنج
_e110002
_k9810784549، 9873156910
300 _a168ص
_c22Cm(Pb)
942 _2ddc
_cUR
_mف ر م
_h841
999 _c87857
_d87857